Universal's handbook on Hindu Succession : (Record no. 5884)

MARC details
000 -LEADER
fixed length control field 00671 a2200193 4500
010 ## - LCCN (DPL NO)
LC control number ENG-86988
020 ## - INTERNATIONAL STANDARD BOOK NUMBER
International Standard Book Number 8175346215
Terms of availability 250.00
035 ## - SYSTEM CONTROL NUMBER
System control number EN-70521
037 ## - SOURCE OF ACQUISITION
Source of stock number/acquisition DBAD / PUB
082 14 - DEWEY DECIMAL CLASSIFICATION NUMBER
Classification number 346.54052
100 1# - MAIN ENTRY--PERSONAL NAME
Personal name Das, P.K.
245 1# - TITLE STATEMENT
Title Universal's handbook on Hindu Succession :
Statement of responsibility, etc by P.K. Das
Remainder of title covering property rights of women and daughters /
250 ## - EDITION STATEMENT
Edition statement 2nd ed
260 ## - PUBLICATION, DISTRIBUTION, ETC. (IMPRINT)
Place of publication, distribution, etc Delhi
Name of publisher, distributor, etc Universal Law Publishing
Date of publication, distribution, etc 2007
270 ## - ADDRESS
Address C-FF-1A, Dilkhush Industrial Estate, (Opp. Hans Cinema, Azadpur), G.T. Karnal Road,
City Delhi
Postal code 110 033
300 ## - PHYSICAL DESCRIPTION
Extent xvi, 271p.
Dimensions 24cm (pbk)
500 ## - GENERAL NOTE
General note Includes index
942 ## - ADDED ENTRY ELEMENTS (KOHA)
Institution code [OBSOLETE] dpl
Item type English Books
Source of classification or shelving scheme Dewey Decimal Classification
Classification part 346.54052
Call number suffix DAS
Holdings
Withdrawn status Lost status Not for loan Collection code Home library Current library Source of acquisition Cost, normal purchase price Full call number Barcode Copy number Cost, replacement price Koha item type
    Not For Loan Non-fiction D.B.Act.Division D.B.Act.Division DBAD/PUB 250.00 346.54052 DAS EN-70521 1 250.00 English Books

© Delhi Public Library
Hit Counter
free hit counter